00530cam a2200157 a 4500020001500000040001800015082001500033100001600048245009700064250001200161260005900173300003500232504006600267650001200333700002700345 a0534595626 aDLCcDLCdDLC00a153.122211 aNeath, Ian,10aHuman memory : an introduction to research data and theory cIan Neath, Aimee M. Surprenant. a2nd ed. aAustralia ;aBelmont, CA :bThomson/Wadsworth,cc2003. axxii, 474 p. :bill. ;c24 cm. aIncludes bibliographical references (p. 403-440) and indexes. 0aMemory.1 aSurprenant, Aimée M.